01064nam a2200217 a 450000100060000000300080000600500170001400800410003103500190007204000270009104100080011808200240012624501350015026000480028530000170033350503160035065000210066670000660068770000500075370000430080324845BD-RjUL20211209001115.0150101s1934 nyu 001 0 eng  a(BD-RjUL)24914 aDLCcOTUdBD-RjULbeng aeng 223a940.2bCAM 193404aThe Cambridge modern history /cplanned by Lord Acton, ed. by Sir A. W. Ward, Sir G. W. Prothero, and Sir Stanley Leathers, K.C.B. aNew York :bAt the University press,c1934. aV. ;c23 cm.0 aI. The renaissance.--II. The reformation.--III. The wars of religion.--IV. The thirty years' war.--V. The age of Louis XIV.--VI. The eighteenth century.--VIII. The French revolution.--IX. Napoleon.--X. The restoration.--XI. The growth of nationalities.--XIII. The latest age.--XIII. The eighteenth century -- VI 0aHistory, Modern.1 aActon, John Emerich Edward Dalberg Acton,cBaron,d1834-1902.1 aProthero, G. W.q(George Walter),d1848-1922.1 aLeathes, Stanley Mordaunt,d1861-1938.